| Tag |
First Indicator |
Second Indicator |
Subfields |
| LEADER |
00000cam a2200000 i 4500 |
| 001 |
in00000093780 |
| 005 |
20150927070218.0 |
| 008 |
790917s1979 mau b 00110 eng |
| 010 |
|
|
|a 79084419
|
| 020 |
|
|
|a 0316537500
|
| 035 |
|
|
|a (OCoLC)05397158
|
| 035 |
|
|
|9 AAL5629AM
|
| 040 |
|
|
|a DLC
|c DLC
|d TXA
|d UtOrBLW
|
| 049 |
|
|
|a TXAM
|c [980664]
|
| 050 |
0 |
0 |
|a HQ755.8
|b .L87
|
| 082 |
0 |
|
|a 649/.15/12
|
| 100 |
1 |
|
|a Luterman, David.
|
| 245 |
1 |
0 |
|a Counseling parents of hearing-impaired children /
|c David Luterman ; foreword by Mark Ross.
|
| 250 |
|
|
|a 1st ed.
|
| 264 |
|
1 |
|a Boston :
|b Little, Brown,
|c [1979]
|
| 264 |
|
4 |
|c ©1979
|
| 300 |
|
|
|a xxiii, 193 pages ;
|c 23 cm.
|
| 336 |
|
|
|a text
|b txt
|2 rdacontent
|
| 337 |
|
|
|a unmediated
|b n
|2 rdamedia
|
| 338 |
|
|
|a volume
|b nc
|2 rdacarrier
|
| 504 |
|
|
|a Includes bibliographies and index.
|
| 650 |
|
0 |
|a Parenting.
|
| 650 |
|
0 |
|a Counseling.
|
| 650 |
|
0 |
|a Deaf children
|x Family relationships.
|
| 650 |
|
0 |
|a Deafness in children.
|
| 999 |
|
|
|a MARS
|
| 999 |
f |
f |
|s b0534866-89ab-3291-90ad-8632dfea1f39
|i 9cead5a2-7d4b-3ca2-a482-6e8270179325
|t 0
|
| 952 |
f |
f |
|p ric
|a Texas A&M University
|b Rellis Campus
|c Joint Library Facility
|d Remote Storage
|t 0
|e HQ755.8 .L87
|h Library of Congress classification
|i unmediated -- volume
|m A14802962899
|
| 998 |
f |
f |
|a HQ755.8 .L87
|t 0
|l Remote Storage
|